000 00522nam a2200169Ia 4500
999 _c11984
_d11984
003 OSt
005 20201015122955.0
008 190216s9999||||xx |||||||||||||| ||und||
040 _coclc
082 _a891.4437
_bMIT/M
100 _aMitra, Narendranath
_95252
245 4 _aThe Story Of Satyajit Ray`s Famous Film Mahanagar /
_cNarendranath Mitra
260 _bJaico Publishing House,
_c1968.
_aBombay:
300 _a96p
650 _aSpeeches
942 _cBK
_2ddc
_h891.4437
_iMIT/M
_k891.4437
_mMIT/M